Σχεδιασμός ψηφιακής ερμηνευτικής εφαρμογής για μουσείο ποδοσφαιρικού συλλόγου : το παράδειγμα του Μουσείου του Παναθηναϊκού : μεταπτυχιακή διατριβή

Αποθηκεύτηκε σε:
Λεπτομέρειες βιβλιογραφικής εγγραφής
Κύριος συγγραφέας: Βόζιος, Ευάγγελος
Συγγραφή απο Οργανισμό/Αρχή: Πανεπιστήμιο Αιγαίου. Σχολή Κοινωνικών Επιστημών. Τμήμα Πολιτισμικής Τεχνολογίας και Επικοινωνίας. Πρόγραμμα Μεταπτυχιακών Σπουδών Πολιτισμική Πληροφορική και Επικοινωνία
Άλλοι συγγραφείς: Μπούνια, Αλεξάνδρα (dgsf)
Μορφή: Thesis Βιβλίο
Γλώσσα:Greek
Δημοσίευση: 2009.
Θέματα:
Διαθέσιμο Online:http://hdl.handle.net/11610/16097
Ετικέτες: Προσθήκη ετικέτας
Δεν υπάρχουν, Καταχωρήστε ετικέτα πρώτοι!

MARC

LEADER 00000cam a2200000 i 4500
001 1/1686
008 090923s2009 gr | ||| |||| ||gre||
035 |l 10105691 
040 |a GR-MyUa  |b gre  |e AACR2 
041 0 |a gre 
082 7 |a 796.334   |2 (22) 
100 1 |a Βόζιος, Ευάγγελος. 
245 1 0 |a Σχεδιασμός ψηφιακής ερμηνευτικής εφαρμογής για μουσείο ποδοσφαιρικού συλλόγου :   |b το παράδειγμα του Μουσείου του Παναθηναϊκού : μεταπτυχιακή διατριβή /   |c επιμέλεια: Βόζιος Ευάγγελος ; επιβλέπουσα καθηγήτρια: Μπούνια Αλεξάνδρα. 
260 |c 2009. 
300 |a 72 σ. :   |b εικ. ;   |c 30 εκ. 
502 |a Διατριβή (μεταπτυχιακή) – Πανεπιστήμιο Αιγαίου, Λέσβος, 2009. 
504 |a Βιβλιογραφία: σ. 64-72. 
650 0 0 |a Football teams  |z Greece  |x History. 
650 0 0 |a Soccer  |x Museums. 
650 0 0 |a Football  |x Museums. 
650 0 0 |a Museums  |x Interactive multimedia. 
650 0 0 |a Dissertations, Academic  |z Greece. 
700 1 |a Μπούνια, Αλεξάνδρα,  |e dgsf 
710 2 |a Πανεπιστήμιο Αιγαίου.   |b Σχολή Κοινωνικών Επιστημών.   |b Τμήμα Πολιτισμικής Τεχνολογίας και Επικοινωνίας.   |b Πρόγραμμα Μεταπτυχιακών Σπουδών Πολιτισμική Πληροφορική και Επικοινωνία. 
852 |a INST  |b LESVOS  |c DIATR  |e 20090923  |h 273  |p 005100046477  |q 005100046477  |t MTXE  |y 23 
852 |a INST  |b LESVOS  |c DIATR  |e 20090923  |h 274  |p 005100046476  |q 005100046476  |t MTXE  |y 23 
856 |u http://hdl.handle.net/11610/16097 
901 |a BIBL1-2009-3 
924 |a Βόζιος  |b Ευάγγελος  |y Λέσβος  |z 2009-04 
970 |a ΤΖΑΦΕΡΗ  |b ΕΥΑΓΓΕΛΙΑ  |z 2009/09/23